000 00421nam a2200169Ia 4500
008 231217s9999 xx 000 0 und d
020 _a8178815028
041 _aEnglish
082 _a658.38 RED;1 R
100 _aReddy, Sumati ed.
245 0 _aCorporate citizenship : the social aspects
250 _a1st ed.
260 _c2005
_bICFAI Press
_aHyderabad
300 _aix, 207
650 _aICFAI
942 _cAA
999 _c181470
_d181470